größten Flughäfen nach internationalem Passagieraufkommen in 2018 - Statistiken

Allgemein
  • Dieses Quiz wurde 69 mal gespielt
  • Das Durchschnittsergebnis liegt bei 9 aus 20
Antwortstatistiken
Rang reisende Flughafen % Korrekt
8 61.7Mio Flughafen Frankfurt Main
93%
13 42.3Mio London Gatwick Airport
91%
2 75.3Mio London Heathrow Airport
91%
6 66.3Mio Aéroport Paris-Charles de Gaulle
86%
14 41.8Mio Aeropuerto de Madrid Barajas
77%
10 48.9Mio Istanbul Atatürk Airport
71%
16 36.5Mio Flughafen München
70%
1 88.8Mio Dubai International Airport
64%
15 36.5Mio Barcelona-El Prat Airport
55%
4 70.9Mio Amsterdam Airport Schiphol
54%
7 64.8Mio Singapore Changi Airport
38%
3 74.3Mio Hong Kong International Airport
36%
5 67.6Mio Seoul Incheon International Airport
29%
12 43.5Mio Kuala Lumpur International Airport
11%
17 35.3Mio Narita International Airport
4%
18 34.4Mio Hamad International Airport
2%
19 33.4Mio John F. Kennedy International Airport
0%
9 50.8Mio Suvarnabhumi Airport
0%
11 46.1Mio Taoyuan International Airport
0%
20 31.6Mio Toronto Pearson International Airport
0%
Keine übereinstimmenden Quizze gefunden
Verteilung der Resultate
Anzahl Personen mit jedem Resultat
Perzentil nach korrekt beantworteten Fragen
Ihre Resultats-Entwicklung
Sie haben dieses Quiz noch nicht gespielt